000 00475pab a2200181 454500
008 180718b2011 xxu||||| |||| 00| 0 eng d
100 _aKambo, B.S.
245 _aEmployment, growth and certain financial aspects of enterprises in hospitality industry
260 _c2011
300 _ap.939-955.
362 _aOct
650 _aEmployment
650 _aHotel industry
700 _aKaur, Kulwinder
773 _aIndian Labour Journal
908 _aN
909 _a93561
999 _c93561
_d93561